000 00860cab a22001935a 4500
001 L147358
008 090501e20090425xxkad f s 000 0 eng d
035 _a(Sirsi) u147358
041 0 _aeng
100 1 _aCunningham, Daniel
245 0 0 _aFocus North East
260 _c2009
490 0 _aEstates Gazette
_v(0916) 25 April 2009, 109-125(14)
520 _aReports that while some schemes are going ahead, others are on hold due to falling demand and the completion of speculative space. Presents the key findings of the sentiment survey for quarter one 2009: three-quarters of property professionals see no market improvement. Reveals that regeneration chiefs are looking to the region's science-based industries for expansion.
590 _aKA
651 4 _aNorth East
690 _aPROPERTY-COMMERCIAL PROPERTY-COMMERCIAL PROPERTY MARKET
942 _n0
999 _c81507
_d81507